00489nam a22001817a 450000500170000001000260001702000260004302000260006903500140009503500140010903700090012308200110013210000150014324500420015826000420020027000340024230000310027620241001162311.0 aENG-118727 ENG-141864 a9788192060805c290.00 a9788192060805c390.00 aEN-102259 aEN-125396 bDBAD a657.48 aPrasad, G. aAccounting and finance/cby G. Prasad aGunturbJai Bharath Publishers c2018 a2/18 Brodiepet, Guntur-522002 aVarious Pagingsc26cm.(pb)